000 00592nam a2200181 u 4500
001 000515223
003 AM-YeHGA
005 20250617135007.0
008 061220s1975 ||||||||||||||||||||rus d
040 _aAM-YeHGA
041 0 _arus
100 1 _aТолстых, В.И.
245 1 0 _aОбраз жизни :
_bПонятие. Реальность. Проблемы /
_cВ.И. Толстых.
260 _aМосква :
_bПолитиздат,
_c1975.
300 _a184 с.
650 1 4 _aДиалектический и исторический материализм
090 _c193108
999 _c191638
_d191638